| 000 | 01002nam a22003017a 4500 | ||
|---|---|---|---|
| 001 | 5965 | ||
| 003 | FISKH | ||
| 005 | 20250404103253.0 | ||
| 008 | 250213b cb ||||| |||| 00| 0 eng d | ||
| 020 | _a9780439343909 | ||
| 040 |
_aFISKH _beng _cFISKH _dFISKH |
||
| 050 | _aPS3572.B142 T3 | ||
| 082 | _a823.914 | ||
| 100 |
_aM.Baglio, Ben _d(1960-) |
||
| 245 |
_aTabby in the tub / _cBen M. Baglio ; Illustrations by Jenny Gregory ; Cover illustration by Mary Ann Lasher |
||
| 250 | _aThis edition first published in 2002 | ||
| 260 |
_aLondon : _bScholastic, _c1999. |
||
| 300 |
_a139 pages : _billustrations ; _c20 cm |
||
| 505 | _aP | ||
| 520 | _aWhen some kittens are born in Mandy's neighborhood that need extra care, Mandy tries to help them and their mothers. | ||
| 521 | 8 |
_a620
_bLexile |
|
| 521 | 8 |
_aP
_bRaz-Plus |
|
| 650 |
_2Realistic fiction _aVeterinarian |
||
| 650 |
_2Animals _aChildren's |
||
| 700 |
_aGregory, Jenny _dillustrator |
||
| 942 |
_2ddc _cBK _n0 |
||
| 999 |
_c5965 _d5965 |
||